[Event "Isle of Wight op"]
[Site "Ryde"]
[Date "2024.04.21"]
[Round "4"]
[White "Degrande, Marigje"]
[Black "Best, Francis P"]
[Result "1/2-1/2"]
[WhiteElo "1947"]
[BlackElo "1698"]
[PlyCount "49"]
[EventDate "2024.04.19"]
[EventType "swiss"]
[EventRounds "5"]
[EventCountry "ENG"]
[SourceTitle "CB17_2024"]
[SourceDate "2024.04.24"]
[SourceVersion "1"]
[SourceVersionDate "2024.04.24"]
[SourceQuality "1"]

1. c4 Nf6 2. Nc3 e6 3. e4 d5 4. e5 d4 5. exf6 dxc3 6. bxc3 Qxf6 7. d4 e5 8. Nf3 exd4 9. cxd4 Bb4+ 10. Bd2 Bxd2+ 11. Qxd2 0-0 12. Be2 Nc6 13. 0-0 Bf5 14. Rad1 Rad8 15. Qf4 Rfe8 16. Bd3 Bxd3 17. Qxf6 gxf6 18. Rxd3 Ne5 19. Nxe5 fxe5 20. d5 b6 21. Re1 f6 22. Rg3+ Kf7 23. Rh3 Kg7 24. Rg3+ Kf7 25. Rh3 1/2-1/2

[Event "Isle of Wight op"]
[Site "Ryde"]
[Date "2024.04.20"]
[Round "3"]
[White "Degrande, Marigje"]
[Black "Leung, Hao Ran"]
[Result "0-1"]
[WhiteElo "1947"]
[BlackElo "1886"]
[PlyCount "84"]
[EventDate "2024.04.19"]
[EventType "swiss"]
[EventRounds "5"]
[EventCountry "ENG"]
[SourceTitle "CB17_2024"]
[SourceDate "2024.04.24"]
[SourceVersion "1"]
[SourceVersionDate "2024.04.24"]
[SourceQuality "1"]

1. c4 Nf6 2. Nc3 e6 3. e4 d5 4. e5 d4 5. exf6 dxc3 6. bxc3 Qxf6 7. d4 e5 8. Nf3 Nc6 9. d5 Nb8 10. Be2 Bc5 11. 0-0 0-0 12. Ng5 Bf5 13. Bd3 Qg6 14. Bxf5 Qxf5 15. Qe2 Nd7 16. Ne4 Rfe8 17. Nxc5 Nxc5 18. Be3 Qd3 19. Qxd3 Nxd3 20. c5 f5 21. Rad1 e4 22. Bd4 b6 23. c6 b5 24. f3 Red8 25. fxe4 fxe4 26. Rf5 g6 27. Rg5 Re8 28. Rd2 a6 29. Re2 Nc1 30. Re1 Nd3 31. Re2 Rad8 32. g3 Kf7 33. a3 h6 34. Rg4 Rxd5 35. Rgxe4 Rxe4 36. Rxe4 Rd6 37. Re3 Nb2 38. Rf3+ Ke6 39. Re3+ Kd5 40. Bg7 h5 41. Bf8 Rxc6 42. Bb4 Kc4 0-1

[Event "Isle of Wight op"]
[Site "Ryde"]
[Date "2024.04.20"]
[Round "2"]
[White "Kothari, Jai"]
[Black "Degrande, Marigje"]
[Result "1/2-1/2"]
[WhiteElo "1985"]
[BlackElo "1947"]
[PlyCount "105"]
[EventDate "2024.04.19"]
[EventType "swiss"]
[EventRounds "5"]
[EventCountry "ENG"]
[SourceTitle "CB17_2024"]
[SourceDate "2024.04.24"]
[SourceVersion "1"]
[SourceVersionDate "2024.04.24"]
[SourceQuality "1"]

1. e4 d5 2. exd5 Qxd5 3. Nf3 Bg4 4. Be2 Nc6 5. h3 Bxf3 6. Bxf3 Qe6+ 7. Qe2 Nd4 8. Qxe6 Nxf3+ 9. gxf3 fxe6 10. d4 0-0-0 11. Be3 g6 12. Nc3 Bg7 13. 0-0-0 Nh6 14. Ne4 Nf5 15. c3 Bf6 16. f4 Rhg8 17. Bd2 Bh4 18. Rde1 Rd5 19. Re2 b6 20. b4 Kd7 21. Rhe1 Rf8 22. Kc2 Bf6 23. Kd3 a5 24. a3 axb4 25. axb4 Ra8 26. Nxf6+ exf6 27. Rxe6 Ra3 28. Kc2 Ra2+ 29. Kc1 c5 30. Rxb6 cxd4 31. c4 Rd6 32. Rb7+ Kc6 33. Rxh7 d3 34. Re8 Rc2+ 35. Kd1 Rxc4 36. Rc8+ Kd5 37. Rxc4 Kxc4 38. Rc7+ Kd4 39. h4 Ra6 40. Bc3+ Ke4 41. b5 Rb6 42. Rc5 Nd6 43. Bxf6 Nxb5 44. Be5 Na3 45. Kd2 Rb1 46. f3+ Kxf3 47. Kxd3 Rd1+ 48. Kc3 Rc1+ 49. Kb4 Rxc5 50. Kxc5 Kg4 51. Kd5 Kxh4 52. Ke6 Nc2 53. Kf6 1/2-1/2

[Event "Sitges Sunway op 10th"]
[Site "Sitges"]
[Date "2023.12.19"]
[Round "7"]
[White "Degrande, Marigje"]
[Black "Karamsetty, Jeevan"]
[Result "1/2-1/2"]
[WhiteElo "1945"]
[BlackElo "2275"]
[PlyCount "59"]
[EventDate "2023.12.12"]
[EventType "swiss"]
[EventRounds "10"]
[EventCountry "ESP"]
[SourceTitle "CB52_2023"]
[SourceDate "2023.12.27"]
[SourceVersion "1"]
[SourceVersionDate "2023.12.27"]
[SourceQuality "1"]

1. c4 g6 2. Nc3 Bg7 3. g3 d6 4. Bg2 Nf6 5. e4 c5 6. Nge2 Nc6 7. d3 0-0 8. h3 a6 9. 0-0 Nd7 10. Be3 Rb8 11. a4 Nd4 12. Rb1 b6 13. b3 b5 14. Qd2 e6 15. axb5 Nxe2+ 16. Nxe2 axb5 17. d4 Qc7 18. dxc5 dxc5 19. cxb5 Rxb5 20. Nc3 Rb4 21. Na4 Bd4 22. Rfc1 Qd6 23. Nxc5 Bxc5 24. Rxc5 Qxd2 25. Bxd2 Rxb3 26. Rxb3 Nxc5 27. Rb8 Nd7 28. Ra8 Nb6 29. Rb8 Nd7 30. Ra8 1/2-1/2

[Event "Sitges Sunway op 10th"]
[Site "Sitges"]
[Date "2023.12.16"]
[Round "5"]
[White "Degrande, Marigje"]
[Black "Gallego Bergada, Antoni"]
[Result "0-1"]
[WhiteElo "1945"]
[BlackElo "2124"]
[PlyCount "68"]
[EventDate "2023.12.12"]
[EventType "swiss"]
[EventRounds "10"]
[EventCountry "ESP"]
[SourceTitle "CB52_2023"]
[SourceDate "2023.12.27"]
[SourceVersion "1"]
[SourceVersionDate "2023.12.27"]
[SourceQuality "1"]

1. c4 f5 2. Nc3 Nf6 3. g3 e6 4. Bg2 Bb4 5. Qb3 a5 6. e3 Nc6 7. Nge2 0-0 8. 0-0 Kh8 9. d4 Bxc3 10. Nxc3 d6 11. Qd1 Qe8 12. Nb5 Qf7 13. b3 e5 14. Bb2 f4 15. d5 Nb4 16. exf4 exf4 17. a3 Na6 18. Qd4 Nc5 19. Qxf4 Nxb3 20. Rad1 Bg4 21. f3 Bh5 22. Bh3 Rae8 23. Bxf6 gxf6 24. Be6 Qg7 25. Kg2 Re7 26. h4 Bf7 27. Rfe1 Rfe8 28. Nd4 Nxd4 29. Rxd4 Bxe6 30. dxe6 Rxe6 31. Rde4 Re5 32. Rb1 b6 33. Rb5 Qg6 34. h5 Rxe4 0-1

[Event "Titled Tuesday intern op 7th Mar Early"]
[Site "Chess.com INT"]
[Date "2023.03.07"]
[Round "6"]
[White "Bongo Akanga Ndjila, Barthelemy"]
[Black "Degrande, Marigje"]
[Result "1-0"]
[WhiteElo "1824"]
[BlackElo "1945"]
[PlyCount "78"]
[EventDate "2023.03.07"]
[EventType "swiss (blitz)"]
[EventRounds "11"]
[EventCountry "USA"]
[SourceTitle "EXT 2024"]
[Source "ChessBase"]
[SourceDate "2023.10.10"]
[SourceVersion "1"]
[SourceVersionDate "2023.10.10"]
[SourceQuality "1"]

1. d4 Nf6 2. c4 c5 3. d5 e6 4. Nc3 exd5 5. cxd5 d6 6. Nf3 g6 7. Bf4 a6 8. a4 Bg7 9. h3 0-0 10. e3 Re8 11. Bd3 Qe7 12. 0-0 Nbd7 13. Nd2 Ne5 14. Be2 Bd7 15. e4 Reb8 16. Qc2 Ne8 17. Bh2 f5 18. f4 Nf7 19. exf5 Bxc3 20. fxg6 Bd4+ 21. Kh1 hxg6 22. Qxg6+ Ng7 23. Rae1 Bf5 24. Qg3 Qf6 25. Bd3 Bxd3 26. Qxd3 Bxb2 27. Ne4 Qd4 28. Qg3 Nh6 29. Nxd6 Qxd5 30. f5 Be5 31. Qxe5 Qxe5 32. Bxe5 Rd8 33. f6 Nh5 34. f7+ Kf8 35. Nxb7 Rd5 36. Bd6+ Rxd6 37. Nxd6 Ng3+ 38. Kg1 Nxf1 39. Re8+ Rxe8 1-0

[Event "Titled Tuesday intern op 31st May Early"]
[Site "Chess.com INT"]
[Date "2022.05.31"]
[Round "1"]
[White "Degrande, Marigje"]
[Black "Tasev, Dejan"]
[Result "0-1"]
[WhiteElo "1943"]
[BlackElo "2188"]
[PlyCount "90"]
[EventDate "2022.05.31"]
[EventType "swiss (blitz)"]
[EventRounds "11"]
[EventCountry "USA"]
[SourceTitle "CBM 208 Extra"]
[Source "ChessBase"]
[SourceDate "2022.07.31"]
[SourceVersion "1"]
[SourceVersionDate "2022.07.31"]
[SourceQuality "1"]

1. c4 Nf6 2. Nc3 g6 3. g3 Bg7 4. Bg2 0-0 5. e4 d6 6. Nge2 Nbd7 7. 0-0 c5 8. d3 Rb8 9. a4 a6 10. h3 Ne8 11. Be3 Nc7 12. d4 cxd4 13. Bxd4 Nf6 14. Rb1 Ne6 15. Be3 Nd7 16. Nd4 Ne5 17. b3 Bd7 18. f4 Nc6 19. Nxe6 fxe6 20. Ne2 e5 21. g4 exf4 22. Nxf4 Ne5 23. Nd5 Bc6 24. Bg5 Re8 25. Nf4 Qd7 26. Nd5 h6 27. Bh4 g5 28. Bf2 Rf8 29. Qe2 Ng6 30. Be3 Be5 31. Rxf8+ Rxf8 32. Rf1 e6 33. Nb6 Qd8 34. a5 Rxf1+ 35. Qxf1 Nf4 36. Bxf4 Bxf4 37. Qd3 Qf6 38. c5 Qa1+ 39. Bf1 Qxa5 40. Nc4 Qxc5+ 41. Kh1 d5 42. Nd2 dxe4 43. Qd8+ Qf8 44. Qxf8+ Kxf8 45. Bg2 Bxd2 0-1

[Event "Speed Chess (Women) Q2"]
[Site "Chess.com INT"]
[Date "2022.05.26"]
[Round "2"]
[White "Degrande, Marigje"]
[Black "Babiy, Olga"]
[Result "0-1"]
[WhiteElo "1943"]
[BlackElo "2296"]
[PlyCount "48"]
[EventDate "2022.05.26"]
[EventType "swiss (blitz)"]
[EventRounds "14"]
[EventCountry "USA"]
[SourceTitle "CBM 208 Extra"]
[Source "ChessBase"]
[SourceDate "2022.07.31"]
[SourceVersion "1"]
[SourceVersionDate "2022.07.31"]
[SourceQuality "1"]

1. c4 e5 2. Nc3 Bb4 3. g3 Nc6 4. Bg2 Bxc3 5. bxc3 Nf6 6. Nf3 d5 7. cxd5 Qxd5 8. 0-0 e4 9. Ne1 Bg4 10. Nc2 Qh5 11. Ne3 Bxe2 12. Qa4 Bxf1 13. Bxf1 0-0 14. d4 exd3 15. Bxd3 Ne5 16. Bc2 Nf3+ 17. Kg2 b5 18. Qb3 Ne1+ 19. Kg1 Nxc2 20. Qxc2 Rfe8 21. Ba3 Rad8 22. Re1 Ng4 23. Nxg4 Rxe1+ 24. Kg2 Qxg4 0-1

[Event "Speed Chess (Women) Q2"]
[Site "Chess.com INT"]
[Date "2022.05.26"]
[Round "8"]
[White "Degrande, Marigje"]
[Black "Petrova, Irina"]
[Result "0-1"]
[WhiteElo "1943"]
[BlackElo "2127"]
[PlyCount "84"]
[EventDate "2022.05.26"]
[EventType "swiss (blitz)"]
[EventRounds "14"]
[EventCountry "USA"]
[SourceTitle "CBM 208 Extra"]
[Source "ChessBase"]
[SourceDate "2022.07.31"]
[SourceVersion "1"]
[SourceVersionDate "2022.07.31"]
[SourceQuality "1"]

1. c4 e5 2. Nc3 Nf6 3. g3 Bb4 4. Bg2 Bxc3 5. bxc3 0-0 6. Nf3 e4 7. Nd4 c6 8. 0-0 Re8 9. Ba3 d6 10. Rb1 c5 11. Nc2 Nc6 12. Ne3 b6 13. Qc2 Na5 14. Rfd1 Bb7 15. d4 Qc8 16. d5 Ba6 17. Qa4 Qd7 18. Qxd7 Nxd7 19. Nf5 Nxc4 20. Bc1 g6 21. Nh6+ Kg7 22. Ng4 f5 23. Bh6+ Kf7 24. Ne3 Nxe3 25. fxe3 Bxe2 26. Re1 Bc4 27. Bf4 Ne5 28. Bxe5 Rxe5 29. Rb2 Rxd5 30. Kf2 Ke6 31. Rc1 b5 32. Bh3 Ke5 33. Bg2 a5 34. a3 Bd3 35. h4 Rb8 36. a4 Bc4 37. Rcb1 Rd3 38. axb5 Rxc3 39. b6 a4 40. b7 a3 41. Rb6 a2 42. Ra1 Rb3 0-1

[Event "Speed Chess (Women) Q2"]
[Site "Chess.com INT"]
[Date "2022.05.26"]
[Round "9"]
[White "Mirza, Diana"]
[Black "Degrande, Marigje"]
[Result "0-1"]
[WhiteElo "1906"]
[BlackElo "1943"]
[PlyCount "68"]
[EventDate "2022.05.26"]
[EventType "swiss (blitz)"]
[EventRounds "14"]
[EventCountry "USA"]
[SourceTitle "CBM 208 Extra"]
[Source "ChessBase"]
[SourceDate "2022.07.31"]
[SourceVersion "1"]
[SourceVersionDate "2022.07.31"]
[SourceQuality "1"]

1. d4 Nf6 2. Nf3 d5 3. e3 e6 4. Bd3 c5 5. b3 b6 6. Nbd2 Bb7 7. Bb2 Nc6 8. Ne5 Be7 9. a3 0-0 10. f4 Qc7 11. Qf3 c4 12. bxc4 dxc4 13. Ndxc4 Nxe5 14. Qe2 Nxc4 15. Bxc4 Rac8 16. Bd3 Qc6 17. Rg1 Nd5 18. c4 Nf6 19. g4 Ba6 20. g5 Ne8 21. Rg3 g6 22. Rc1 f5 23. gxf6 Nxf6 24. h4 Kf7 25. h5 Rg8 26. hxg6+ hxg6 27. Kd2 Ne4+ 28. Bxe4 Qxe4 29. d5 exd5 30. Qh2 Bf6 31. Bxf6 Kxf6 32. Qh4+ Kf7 33. Qh7+ Rg7 34. Qh4 dxc4 0-1

[Event "Speed Chess (Women) Q2"]
[Site "Chess.com INT"]
[Date "2022.05.26"]
[Round "6"]
[White "Nguyen, Vu Thu Hien"]
[Black "Degrande, Marigje"]
[Result "0-1"]
[WhiteElo "1920"]
[BlackElo "1943"]
[PlyCount "66"]
[EventDate "2022.05.26"]
[EventType "swiss (blitz)"]
[EventRounds "14"]
[EventCountry "USA"]
[SourceTitle "CBM 208 Extra"]
[Source "ChessBase"]
[SourceDate "2022.07.31"]
[SourceVersion "1"]
[SourceVersionDate "2022.07.31"]
[SourceQuality "1"]

1. d4 Nf6 2. c4 c5 3. Nf3 g6 4. Nc3 Bg7 5. e3 cxd4 6. exd4 0-0 7. Be2 b6 8. 0-0 Bb7 9. d5 Na6 10. a3 Rc8 11. Nd4 e5 12. Ndb5 d6 13. Nxa7 Ra8 14. Nab5 h6 15. Be3 Re8 16. Na4 Nc5 17. Nxc5 bxc5 18. a4 Ba6 19. Qd2 Ne4 20. Qc1 Kh7 21. Bd3 Nf6 22. f4 e4 23. Be2 Bxb5 24. axb5 Qb6 25. Qc2 Ra5 26. b4 Rxa1 27. Rxa1 Qc7 28. Ra6 cxb4 29. Qb3 Nd7 30. Qxb4 Nc5 31. Ra1 Bxa1 32. b6 Qb7 33. Bxc5 dxc5 0-1

[Event "Titled Tuesday intern op 25th Jan"]
[Site "Chess.com INT"]
[Date "2022.01.25"]
[Round "7"]
[White "Degrande, Marigje"]
[Black "Doluhanova, Evgeniya"]
[Result "0-1"]
[WhiteElo "1943"]
[BlackElo "2255"]
[PlyCount "32"]
[EventDate "2022.01.25"]
[EventType "swiss (blitz)"]
[EventRounds "11"]
[EventCountry "USA"]
[SourceTitle "CBM 206 Extra"]
[Source "ChessBase"]
[SourceDate "2022.03.31"]
[SourceVersion "1"]
[SourceVersionDate "2022.03.31"]
[SourceQuality "1"]

1. c4 Nf6 2. Nc3 e5 3. g3 c6 4. e4 d5 5. exd5 cxd5 6. cxd5 Nxd5 7. Bg2 Nxc3 8. bxc3 Nc6 9. Nf3 Bc5 10. 0-0 0-0 11. h3 Bf5 12. Re1 Re8 13. Bb2 Bd3 14. Qb3 e4 15. Nh2 b5 16. Ba3 Na5 0-1

[Event "Titled Tuesday intern op 25th Jan"]
[Site "Chess.com INT"]
[Date "2022.01.25"]
[Round "10"]
[White "Degrande, Marigje"]
[Black "Moreira, Ronaldo Alonso"]
[Result "1-0"]
[WhiteElo "1943"]
[BlackElo "2088"]
[PlyCount "71"]
[EventDate "2022.01.25"]
[EventType "swiss (blitz)"]
[EventRounds "11"]
[EventCountry "USA"]
[SourceTitle "CBM 206 Extra"]
[Source "ChessBase"]
[SourceDate "2022.03.31"]
[SourceVersion "1"]
[SourceVersionDate "2022.03.31"]
[SourceQuality "1"]

1. c4 Nf6 2. Nc3 e6 3. e4 d5 4. e5 Nfd7 5. d4 dxc4 6. Bxc4 c5 7. Nb5 a6 8. Nd6+ Bxd6 9. exd6 Nb6 10. dxc5 Nxc4 11. Qa4+ b5 12. cxb6+ Bd7 13. Qxc4 Qxb6 14. Be3 Qxd6 15. Rd1 Qc6 16. Qg4 0-0 17. Bh6 g6 18. Bxf8 Kxf8 19. Nf3 Qb5 20. Qd4 Kg8 21. Ne5 Nc6 22. Nxc6 Bxc6 23. Qd3 Qxd3 24. Rxd3 Bxg2 25. Rg1 Bd5 26. Ra3 Rb8 27. b3 Rb6 28. Kd2 Kg7 29. Rc1 Kf6 30. Rc7 Bc6 31. Ra5 Bb5 32. a4 Bf1 33. Kc3 h5 34. Rac5 Be2 35. a5 Rb8 36. Rd7 1-0

[Event "Titled Tuesday intern op 25th Jan"]
[Site "Chess.com INT"]
[Date "2022.01.25"]
[Round "5"]
[White "Popadic, Dragan"]
[Black "Degrande, Marigje"]
[Result "1-0"]
[WhiteElo "2143"]
[BlackElo "1943"]
[PlyCount "49"]
[EventDate "2022.01.25"]
[EventType "swiss (blitz)"]
[EventRounds "11"]
[EventCountry "USA"]
[SourceTitle "CBM 206 Extra"]
[Source "ChessBase"]
[SourceDate "2022.03.31"]
[SourceVersion "1"]
[SourceVersionDate "2022.03.31"]
[SourceQuality "1"]

1. e4 e6 2. Nf3 d5 3. e5 c5 4. b4 c4 5. c3 b6 6. a4 Bb7 7. d3 cxd3 8. Bxd3 Nc6 9. 0-0 Nge7 10. Re1 Ng6 11. Qe2 Be7 12. g3 0-0 13. Nbd2 Rc8 14. Nb3 Nxb4 15. cxb4 Bxb4 16. Bd2 Bc5 17. Ba6 Bxa6 18. Qxa6 Rc7 19. Nxc5 bxc5 20. Ba5 Qc8 21. Qe2 Rc6 22. Rec1 Ne7 23. Rc2 d4 24. Rac1 Nd5 25. Nxd4 1-0

[Event "Titled Tuesday intern op 18th Jan"]
[Site "Chess.com INT"]
[Date "2022.01.18"]
[Round "8"]
[White "Degrande, Marigje"]
[Black "Hoffmann, Asa"]
[Result "0-1"]
[WhiteElo "1943"]
[BlackElo "2185"]
[PlyCount "66"]
[EventDate "2022.01.18"]
[EventType "swiss (blitz)"]
[EventRounds "11"]
[EventCountry "USA"]
[SourceTitle "CBM 206 Extra"]
[Source "ChessBase"]
[SourceDate "2022.03.31"]
[SourceVersion "1"]
[SourceVersionDate "2022.03.31"]
[SourceQuality "1"]

1. c4 Nf6 2. Nc3 d6 3. g3 c6 4. Bg2 e5 5. e4 Be6 6. d3 d5 7. b3 Bb4 8. Bd2 Qa5 9. Nb1 dxc4 10. dxc4 Nbd7 11. Bxb4 Qxb4+ 12. Qd2 a5 13. Ne2 Nc5 14. 0-0 0-0 15. Qxb4 axb4 16. Nd2 Rfd8 17. Rfd1 Rxd2 18. Rxd2 Nxb3 19. axb3 Rxa1+ 20. Bf1 h5 21. Kg2 Nxe4 22. Rd8+ Kh7 23. Rb8 Nc5 24. Ng1 Bxc4 25. Bxc4 f6 26. Nf3 b5 27. Bf1 Nxb3 28. Bd3+ g6 29. Nh4 f5 30. Rb7+ Kh6 31. Bxf5 gxf5 32. Nxf5+ Kg5 33. Nh4 e4 0-1

[Event "Titled Tuesday intern op 18th Jan"]
[Site "Chess.com INT"]
[Date "2022.01.18"]
[Round "1"]
[White "Degrande, Marigje"]
[Black "Padmini, Rout"]
[Result "0-1"]
[WhiteElo "1943"]
[BlackElo "2345"]
[PlyCount "76"]
[EventDate "2022.01.18"]
[EventType "swiss (blitz)"]
[EventRounds "11"]
[EventCountry "USA"]
[SourceTitle "CBM 206 Extra"]
[Source "ChessBase"]
[SourceDate "2022.03.31"]
[SourceVersion "1"]
[SourceVersionDate "2022.03.31"]
[SourceQuality "1"]

1. c4 c5 2. Nc3 Nc6 3. g3 g6 4. Bg2 Bg7 5. e4 e6 6. Nge2 Nge7 7. 0-0 0-0 8. d3 d6 9. Be3 Nd4 10. Rb1 Nec6 11. a3 a5 12. f4 Bd7 13. Nb5 Nxe2+ 14. Qxe2 Nd4 15. Nxd4 cxd4 16. Bd2 a4 17. b4 axb3 18. Rxb3 Bc6 19. Rfb1 Ra6 20. Bb4 Qd7 21. e5 dxe5 22. Bxf8 Bxf8 23. fxe5 Rxa3 24. Bxc6 bxc6 25. Rb8 Ra7 26. Qb2 Kg7 27. Qb6 Be7 28. Rb7 Rxb7 29. Qxb7 Qe8 30. Qc7 c5 31. Rb7 Bg5 32. Qxc5 Be3+ 33. Kg2 Qa4 34. Qc7 Qc2+ 35. Kh3 Qf2 36. Qe7 Qf1+ 37. Kh4 g5+ 38. Kh5 Qh3# 0-1

[Event "Titled Tuesday intern op 18th Jan"]
[Site "Chess.com INT"]
[Date "2022.01.18"]
[Round "3"]
[White "Klimciauskas, Domantas"]
[Black "Degrande, Marigje"]
[Result "1-0"]
[WhiteElo "2150"]
[BlackElo "1943"]
[PlyCount "71"]
[EventDate "2022.01.18"]
[EventType "swiss (blitz)"]
[EventRounds "11"]
[EventCountry "USA"]
[SourceTitle "CBM 206 Extra"]
[Source "ChessBase"]
[SourceDate "2022.03.31"]
[SourceVersion "1"]
[SourceVersionDate "2022.03.31"]
[SourceQuality "1"]

1. d4 Nf6 2. Nf3 g6 3. g3 Bg7 4. Bg2 0-0 5. 0-0 d5 6. c4 c6 7. b3 Nbd7 8. e3 Re8 9. Bb2 Qc7 10. Nbd2 Nf8 11. Ne5 Bf5 12. Rc1 Qd8 13. g4 Be6 14. h3 N8d7 15. Nd3 Rc8 16. f4 Nf8 17. f5 Bd7 18. Ne5 e6 19. fxg6 fxg6 20. Qe2 Ra8 21. Rf2 Bc8 22. Rcf1 N8d7 23. Nd3 Rf8 24. Ba3 Re8 25. g5 Nh5 26. Qg4 Nf8 27. Qh4 Qc7 28. Rf7 Qxf7 29. Rxf7 Kxf7 30. Nf3 Kg8 31. Nfe5 a6 32. Bf3 Nd7 33. Bxh5 gxh5 34. Qxh5 Nxe5 35. Qxe8+ Bf8 36. Qxf8# 1-0

[Event "Titled Tuesday intern op 18th Jan"]
[Site "Chess.com INT"]
[Date "2022.01.18"]
[Round "9"]
[White "Samarth, J Rao"]
[Black "Degrande, Marigje"]
[Result "1-0"]
[WhiteElo "1664"]
[BlackElo "1943"]
[PlyCount "69"]
[EventDate "2022.01.18"]
[EventType "swiss (blitz)"]
[EventRounds "11"]
[EventCountry "USA"]
[SourceTitle "CBM 206 Extra"]
[Source "ChessBase"]
[SourceDate "2022.03.31"]
[SourceVersion "1"]
[SourceVersionDate "2022.03.31"]
[SourceQuality "1"]

1. e4 e6 2. d4 d5 3. Nd2 Nf6 4. e5 Nfd7 5. Bd3 c5 6. c3 Nc6 7. Ne2 cxd4 8. cxd4 f6 9. exf6 Nxf6 10. 0-0 Bd6 11. Nf3 Qc7 12. Bg5 0-0 13. Bh4 g6 14. a3 Qg7 15. b4 e5 16. dxe5 Nxe5 17. Nxe5 Bxe5 18. Rb1 Qh6 19. Bg3 Bxg3 20. Nxg3 Ng4 21. h3 Ne5 22. Re1 Qf4 23. Re2 Ng4 24. hxg4 Bxg4 25. Qd2 Bxe2 26. Qxf4 Rxf4 27. Nxe2 Rf6 28. g3 Raf8 29. f4 Re8 30. Kf2 Rfe6 31. Rd1 Re3 32. Nc3 d4 33. Nd5 Kg7 34. Nxe3 dxe3+ 35. Ke2 1-0

[Event "Bunratty Online"]
[Site "Chess.com INT"]
[Date "2021.02.20"]
[Round "2"]
[White "Bueckert, Diana"]
[Black "Degrande, Marigje"]
[Result "1-0"]
[WhiteElo "1305"]
[BlackElo "1902"]
[PlyCount "97"]
[EventDate "2021.02.20"]
[EventType "swiss (blitz)"]
[EventRounds "9"]
[EventCountry "IRL"]
[SourceTitle "CBM 200 Extra"]
[Source "ChessBase"]
[SourceDate "2021.03.31"]
[SourceVersion "1"]
[SourceVersionDate "2021.03.31"]
[SourceQuality "1"]

1. d4 d6 2. Nf3 Nf6 3. c4 c6 4. Nc3 Nbd7 5. e3 e5 6. dxe5 dxe5 7. Be2 g6 8. 0-0 Bg7 9. b3 0-0 10. Bb2 Qc7 11. Rc1 b6 12. a3 Re8 13. b4 a6 14. a4 Ng4 15. h3 Ngf6 16. b5 axb5 17. cxb5 c5 18. Bc4 Bb7 19. Ng5 Re7 20. Qb3 Rf8 21. Rfd1 h6 22. Nxf7 Rfxf7 23. Bxf7+ Rxf7 24. Rd6 Bf8 25. Rd2 Kg7 26. Rcd1 c4 27. Qc2 Nc5 28. Ne2 Nfe4 29. Rd8 Rxf2 30. Qxc4 Rxg2+ 31. Kf1 Rf2+ 32. Ke1 Nd3+ 33. Qxd3 Bb4+ 34. Bc3 Bxc3+ 35. Nxc3 Qf7 36. Rd7 Rf1+ 37. Ke2 Ng3+ 38. Kd2 Rf2+ 39. Kc1 Be4 40. Rxf7+ Rxf7 41. Qc4 Bf5 42. Qd5 h5 43. e4 Bc8 44. Qxe5+ Kh7 45. Qxg3 Be6 46. Rg1 Rg7 47. Qe5 Bb3 48. Qd6 Bc4 49. e5 1-0

[Event "Bunratty Online"]
[Site "Chess.com INT"]
[Date "2021.02.20"]
[Round "5"]
[White "O'Gorman, Tom"]
[Black "Degrande, Marigje"]
[Result "1-0"]
[WhiteElo "2368"]
[BlackElo "1902"]
[PlyCount "107"]
[EventDate "2021.02.20"]
[EventType "swiss (blitz)"]
[EventRounds "9"]
[EventCountry "IRL"]
[SourceTitle "CBM 200 Extra"]
[Source "ChessBase"]
[SourceDate "2021.03.31"]
[SourceVersion "1"]
[SourceVersionDate "2021.03.31"]
[SourceQuality "1"]

1. e4 d6 2. d4 Nf6 3. Nc3 Nbd7 4. g4 h6 5. h3 e5 6. Nge2 c6 7. a4 Qc7 8. Bg2 g6 9. 0-0 Bg7 10. Be3 0-0 11. Qd2 Kh7 12. f4 exd4 13. Nxd4 Nc5 14. Rae1 Re8 15. Bf2 Be6 16. b3 Rad8 17. f5 Bc8 18. Bh4 Ng8 19. Bxd8 Qxd8 20. fxg6+ fxg6 21. Rf7 Nf6 22. b4 Ncd7 23. g5 hxg5 24. Nf3 Ne5 25. Nxe5 Rxe5 26. Rd1 Kg8 27. Rxg7+ Kxg7 28. Qxd6 Qxd6 29. Rxd6 Re7 30. Kf2 Be6 31. Ke3 Bc4 32. Kd4 Be6 33. b5 cxb5 34. axb5 Nh5 35. Ne2 Nf4 36. Nxf4 gxf4 37. e5 g5 38. c4 g4 39. hxg4 Bxg4 40. Ke4 Rf7 41. Bf3 Bh3 42. e6 Re7 43. Ke5 b6 44. Bd5 Bf1 45. Kxf4 Kf6 46. Rd7 Bd3 47. Rd8 Bf1 48. Rf8+ Kg7 49. Rf7+ Rxf7+ 50. exf7 Bh3 51. Ke5 Kf8 52. Kd6 Bf1 53. Kc7 a5 54. bxa6 1-0

[Event "Wch U20 Girls 29th"]
[Site "Chennai"]
[Date "2011.08.12"]
[Round "10"]
[White "Eric, Jovana"]
[Black "Degrande, Marigje"]
[Result "1-0"]
[WhiteElo "2282"]
[BlackElo "1890"]
[PlyCount "137"]
[EventDate "2011.08.02"]
[EventType "swiss"]
[EventRounds "13"]
[EventCountry "IND"]
[SourceTitle "CBM 143 Extra"]
[Source "ChessBase"]
[SourceDate "2011.08.29"]
[SourceVersion "1"]
[SourceVersionDate "2011.08.29"]
[SourceQuality "1"]

1. e4 Nf6 2. e5 Nd5 3. d4 d6 4. Nf3 dxe5 5. Nxe5 Bf5 6. c4 Nf6 7. Nc3 c6 8. Be2 Nbd7 9. f4 e6 10. 0-0 h5 11. Be3 Nb6 12. Kh1 Ng4 13. Bg1 Nxe5 14. fxe5 Bb4 15. Qb3 Bxc3 16. bxc3 Qe7 17. d5 g5 18. Bxb6 axb6 19. Qxb6 g4 20. dxc6 Ra6 21. Qxb7 Qxb7 22. cxb7 Rb6 23. a4 Ke7 24. c5 Rxb7 25. Bb5 Rc7 26. c6 Be4 27. a5 Bxc6 28. c4 Ra8 29. a6 Raa7 30. Rf4 Bd7 31. Kg1 Bc8 32. Kf2 Rc5 33. Re4 Bd7 34. Rb1 Bc8 35. Kg3 Rcc7 36. Ra1 Kf8 37. Kh4 Rc5 38. Rf1 Rcc7 39. Kxh5 Bxa6 40. Bxa6 Rxa6 41. Kxg4 Ra2 42. Kg3 Rc2 43. Rff4 Ra7 44. Rg4 Raa2 45. Kh3 Ra3+ 46. Kh4 Raa2 47. Kg5 Rxg2 48. h4 Rgf2 49. Ref4 Rxf4 50. Kxf4 Rf2+ 51. Ke4 Rd2 52. Ke3 Rd1 53. Ke2 Rd8 54. h5 Ra8 55. Ke3 Ra3+ 56. Kf4 Rh3 57. Kg5 Re3 58. h6 Rxe5+ 59. Kh4 Re1 60. c5 Rc1 61. c6 Ke7 62. c7 Kd7 63. Kg5 Rxc7 64. h7 Rc8 65. Kh6 Rh8 66. Rg7 e5 67. Kg5 Ke7 68. Kf5 Ra8 69. Rg8 1-0